Problematika zahraničního pojištění a zajištění na českém a slovenském pojišťovacím trhu

Výklad pojmu zahraničné poistenie. Základné predpoklady pre určenie zahraničného poistenia. Zmeny v súvislosti so zavedením vnútornej zameniteľnosti v ČSFR v r.1991, ktoré znamenalo zrušenie platobného rozdielu medzi poistením devízových a nedevízových rizík. Odpovede na tri základné otázky opodstat...

Descrizione completa

Salvato in:
Dettagli Bibliografici
Autore principale: Záruba, Petr
Natura: Capitolo di libro
Lingua:ceco
Soggetti:
Tags: Aggiungi Tag
Nessun Tag, puoi essere il primo ad aggiungerne!!

MARC

LEADER 00000naa a2200000 4500
001 r024470
005 20221213082931.6
041 0 |a cze 
044 |a CZ 
245 1 0 |a Problematika zahraničního pojištění a zajištění na českém a slovenském pojišťovacím trhu  |c Petr Záruba 
520 |a Výklad pojmu zahraničné poistenie. Základné predpoklady pre určenie zahraničného poistenia. Zmeny v súvislosti so zavedením vnútornej zameniteľnosti v ČSFR v r.1991, ktoré znamenalo zrušenie platobného rozdielu medzi poistením devízových a nedevízových rizík. Odpovede na tri základné otázky opodstatnenia zahraničného poistenia. 
610 2 0 |a poistenie zahraničné 
610 2 0 |a pojmy 
610 2 0 |a trh poistný 
610 2 0 |a zaistenie 
610 2 0 |a Česko 
610 2 0 |a Slovensko 
610 2 0 |a riziko poistné 
100 1 |a Záruba, Petr